000 00373 a2200121 4500
001 147098
040 _cEscola São Tomás de Aquino
100 _aBARROS, Leandro Gomes de
240 1 0 _aA vida de Pedro Cem
_lpor
245 1 0 _aA vida de Pedro Cem
697 _aLiteratura de cordel Livros de bolso ou folhetos com histórias e músicas populares
942 _cBK
999 _c147098
_d147098